000 00699nam a2200181Ia 4500
008 090630s9999 xx 000 0 und d
082 _b17724
100 _aडॉ. गाला धीरेन.
245 _aहदरोग टाहा - दिर्घायुषी बना.
_cडॉ. गाला धीरेन.
260 _bनवनीत.
300 _a0
600 _aडॉ. गाला धीरेन.
630 _aहदरोग टाहा - दिर्घायुषी बना.
655 _aइतर.
700 _aडॉ. गाला धीरेन.
730 _aहदरोग टाहा - दिर्घायुषी बना.
942 _cBOOK
999 _c269580
_d269580